[Event "28. Torneo San Viator 2017"]
[Site "Madrid ESP"]
[Date "2017.05.14"]
[Round "6.4"]
[White "Luque Ibanes, Manuel"]
[Black "Vaquerizo Calvo, Miguel Arturo"]
[Result "1-0"]
[WhiteElo "1994"]
[BlackElo "1830"]
[PlyCount "89"]
[EventDate "2017.03.26"]
[EventType "swiss"]
[EventRounds "9"]
[EventCountry "ESP"]
[SourceTitle "Ajedrez en Madrid"]
[Source "lmi"]
[SourceDate "2017.03.26"]

1. e4 d6 2. d4 Nf6 3. Nc3 g6 4. Bg5 Bg7 5. Qd2 O-O 6. h4 c5 7. dxc5 dxc5 8.
Qxd8 Rxd8 9. Bxf6 exf6 10. Nd5 Nc6 11. O-O-O Be6 12. c3 f5 13. f3 Ne5 14. Be2
fxe4 15. fxe4 Ng4 16. Bxg4 Bxg4 17. Nf3 Rd7 18. Kc2 Rad8 19. c4 f5 20. exf5
Bxf5+ 21. Kb3 Be4 22. Rhe1 Bxf3 23. gxf3 Kf7 24. Re4 b5 25. Rf4+ Kg8 26. Nf6+
Bxf6 27. Rxd7 Rxd7 28. Rxf6 Rd3+ 29. Kc2 Rd4 30. cxb5 Rxh4 31. b3 Rb4 32. Ra6
Rxb5 33. Rxa7 h5 34. a4 Rb8 35. Re7 h4 36. Re4 Rb4 37. Re2 Kf7 38. a5 Rb5 39.
Re4 Rxa5 40. Rxh4 Kf6 41. Rc4 Rb5 42. Kc3 Ke5 43. Re4+ Kd5 44. Rg4 Rb6 45. Rg5+
1-0

[Event "28. Torneo San Viator 2017"]
[Site "Madrid ESP"]
[Date "2017.05.14"]
[Round "6.5"]
[White "Pascual Delgado, Guillermo"]
[Black "Castro Morell, Daniel Eduardo"]
[Result "1-0"]
[WhiteElo "1915"]
[BlackElo "1885"]
[PlyCount "81"]
[EventDate "2017.03.26"]
[EventType "swiss"]
[EventRounds "9"]
[EventCountry "ESP"]
[SourceTitle "Ajedrez en Madrid"]
[Source "lmi"]
[SourceDate "2017.03.26"]

1. d4 d5 2. Nf3 Nf6 3. Bg5 Nbd7 4. e3 h6 5. Bf4 e6 6. Bd3 c5 7. c3 Qb6 8. Qc1
Bd6 9. Nbd2 Qc7 10. Bxd6 Qxd6 11. O-O O-O 12. Re1 e5 13. dxe5 Nxe5 14. Nxe5
Qxe5 15. e4 dxe4 16. Nxe4 Nxe4 17. Bxe4 Qc7 18. Qe3 Be6 19. a3 f5 20. Bxb7 Rae8
21. Qf3 Kh8 22. Bd5 Bxd5 23. Qxd5 Rd8 24. Qc4 Qb6 25. b4 cxb4 26. axb4 Rd2 27.
Re2 Rxe2 28. Qxe2 Qc7 29. c4 f4 30. c5 Qb7 31. b5 Qc7 32. c6 f3 33. gxf3 Rf6
34. Qe3 Qf7 35. Re1 Qc7 36. Qe8+ Kh7 37. Qe4+ Kh8 38. Rd1 Qb8 39. Rd7 Rd6 40.
c7 Qf8 41. Rxd6 1-0

[Event "28. Torneo San Viator 2017"]
[Site "Madrid ESP"]
[Date "2017.05.14"]
[Round "6.6"]
[White "Cervino Rossel, Cristobal"]
[Black "Martin Sanchez, Francisco"]
[Result "1-0"]
[WhiteElo "2045"]
[BlackElo "1994"]
[PlyCount "121"]
[EventDate "2017.03.26"]
[EventType "swiss"]
[EventRounds "9"]
[EventCountry "ESP"]
[SourceTitle "Ajedrez en Madrid"]
[Source "lmi"]
[SourceDate "2017.03.26"]

1. d4 d5 2. c4 e6 3. Nc3 f5 4. Bf4 c6 5. e3 Nf6 6. Nf3 Be7 7. h3 O-O 8. Bd3 Ne4
9. O-O Bd7 10. Ne5 Be8 11. f3 Nd6 12. Qb3 Qb6 13. Qc2 Qd8 14. c5 Nf7 15. b4
Nxe5 16. Bxe5 Nd7 17. Bg3 a6 18. a4 Bh4 19. Bh2 Qg5 20. Bf4 Qf6 21. Bd6 Rf7 22.
g3 Bg5 23. f4 Bh6 24. Kh2 g5 25. Rg1 Kh8 26. Raf1 Bf8 27. fxg5 Qxg5 28. Bf4 Qe7
29. g4 fxg4 30. Rxg4 e5 31. Rfg1 Rg7 32. Bg5 Nf6 33. R4g3 e4 34. Qf2 Rxg5 35.
Rxg5 Bg6 36. Be2 Bh6 37. Re5 Qf7 38. Nd1 Rf8 39. Qh4 Bg7 40. Reg5 Kg8 41. Kh1
a5 42. bxa5 Qc7 43. Qg3 Qxg3 44. R5xg3 Bh6 45. Rf1 Kf7 46. Nf2 Ke7 47. Ng4 Nh5
48. Rgg1 Rxf1 49. Bxf1 Bg5 50. a6 bxa6 51. Bxa6 Bf5 52. Bb7 Bh4 53. Bxc6 Ng3+
54. Kg2 h5 55. Nf2 Be6 56. Ra1 Nf5 57. Nd1 Be1 58. a5 Nh4+ 59. Kf1 Bg3 60. Nf2
Nf5 61. Ke2 1-0

[Event "28. Torneo San Viator 2017"]
[Site "Madrid ESP"]
[Date "2017.05.14"]
[Round "6.7"]
[White "Julian Serra, Rogelio"]
[Black "Garcia Sanjuan, Jose"]
[Result "1-0"]
[WhiteElo "2002"]
[BlackElo "1891"]
[PlyCount "121"]
[EventDate "2017.03.26"]
[EventType "swiss"]
[EventRounds "9"]
[EventCountry "ESP"]
[SourceTitle "Ajedrez en Madrid"]
[Source "lmi"]
[SourceDate "2017.03.26"]

1. e4 b6 2. d4 Bb7 3. Bd3 e6 4. Nf3 Nf6 5. e5 Nd5 6. c4 Nb4 7. Be2 c6 8. Nc3 d5
9. a3 N4a6 10. cxd5 cxd5 11. O-O Nc7 12. Ng5 Qe7 13. Bd2 h6 14. Nh3 Nc6 15. Bb5
a6 16. Bxc6+ Bxc6 17. Rc1 Qd7 18. Qb3 b5 19. Qc2 Rc8 20. Ne2 Na8 21. Ba5 Be7
22. f4 g6 23. Nf2 h5 24. Bb4 Bxb4 25. axb4 Nb6 26. b3 Bb7 27. Qd2 Qe7 28. Nd3
Rxc1 29. Rxc1 O-O 30. Nc5 Bc8 31. Rc3 Nd7 32. Qc2 Qh4 33. g3 Qg4 34. Nd3 Kg7
35. Nf2 Qf5 36. Rxc8 Rxc8 37. Qxc8 Nf8 38. Qxa6 Qb1+ 39. Kg2 Qxb3 40. Qxb5 g5
41. fxg5 h4 42. Qd3 Qxb4 43. gxh4 Ng6 44. Kg3 Ne7 45. h5 Nf5+ 46. Kg2 Qe1 47.
h6+ Kh8 48. Ng3 Ne3+ 49. Kf3 Nc4 50. Qe2 Qc3+ 51. Qd3 Qc1 52. Kg4 Ne3+ 53. Kh3
Qe1 54. Qe2 Qc3 55. Qf3 f5 56. exf6 e5 57. f7 Qc8+ 58. Kh4 Ng2+ 59. Qxg2 e4 60.
Nfxe4 dxe4 61. Qf2 1-0

[Event "28. Torneo San Viator 2017"]
[Site "Madrid ESP"]
[Date "2017.05.14"]
[Round "6.8"]
[White "Rodriguez Bittar, Karim Javier"]
[Black "Lopez Nunez, Roberto"]
[Result "0-1"]
[WhiteElo "1967"]
[BlackElo "1877"]
[PlyCount "78"]
[EventDate "2017.03.26"]
[EventType "swiss"]
[EventRounds "9"]
[EventCountry "ESP"]
[SourceTitle "Ajedrez en Madrid"]
[Source "lmi"]
[SourceDate "2017.03.26"]

1. d4 Nf6 2. Nf3 g6 3. Bf4 Bg7 4. Qc1 h6 5. c4 d6 6. Nc3 Nfd7 7. d5 Nb6 8. e4
e5 9. dxe6 Bxe6 10. Nd5 N8d7 11. Be2 Nc5 12. Qc2 Bxd5 13. cxd5 Qf6 14. Bc1 O-O
15. Rb1 Rfe8 16. e5 Qe7 17. Bb5 Red8 18. b4 Na6 19. Bxa6 bxa6 20. O-O dxe5 21.
Be3 Rxd5 22. Rfc1 Qd7 23. h3 Rd8 24. Qxc7 Rd1+ 25. Kh2 Qxc7 26. Rxc7 Rxb1 27.
Rxa7 Nd5 28. a3 Nxe3 29. fxe3 Rd6 30. Ra8+ Kh7 31. Ra7 Ra1 32. Rxf7 Kg8 33. Re7
Kf8 34. Rc7 e4 35. Nh4 Be5+ 36. g3 Rd2+ 37. Ng2 Raa2 38. h4 Rxg2+ 39. Kh3 Rxg3#
0-1

[Event "28. Torneo San Viator 2017"]
[Site "Madrid ESP"]
[Date "2017.05.14"]
[Round "6.9"]
[White "Rosa Ramirez, Victor D"]
[Black "Munoz Cebey, Ricardo"]
[Result "1/2-1/2"]
[WhiteElo "1945"]
[BlackElo "1797"]
[PlyCount "115"]
[EventDate "2017.03.26"]
[EventType "swiss"]
[EventRounds "9"]
[EventCountry "ESP"]
[SourceTitle "Ajedrez en Madrid"]
[Source "lmi"]
[SourceDate "2017.03.26"]

1. e4 c6 2. d4 d5 3. Nc3 dxe4 4. Nxe4 Nd7 5. Bc4 Ngf6 6. Ng5 e6 7. Qe2 Nb6 8.
Bb3 h6 9. N5f3 c5 10. Be3 Qc7 11. c3 c4 12. Bc2 Bd6 13. Nd2 Bxh2 14. Ngf3 Bd6
15. O-O-O Bd7 16. Ne5 Bxe5 17. dxe5 Qxe5 18. Nxc4 Nxc4 19. Qxc4 Nd5 20. Bd4
Qg5+ 21. Kb1 Rc8 22. Qe2 Bc6 23. Be4 Nf6 24. Bc2 b6 25. Rh3 Kf8 26. Rg3 Qh5 27.
Qa6 Rc7 28. Bxf6 gxf6 29. Rd8+ Ke7 30. Rd1 Rd8 31. Qa3+ Qc5 32. Qxc5+ bxc5 33.
Rxd8 Kxd8 34. f3 Rd7 35. Kc1 Bb5 36. a4 Bf1 37. Rg8+ Kc7 38. a5 h5 39. Ra8 Kb7
40. Be4+ Ka6 41. b4 cxb4 42. cxb4 Kb5 43. Rb8+ Ka6 44. f4 f5 45. Bf3 h4 46. Kb2
Rc7 47. Kb3 Bc4+ 48. Ka4 Bd3 49. Bh5 Rb7 50. Rd8 Bb5+ 51. Kb3 Rd7 52. Rxd7 Bxd7
53. Bxf7 Bc6 54. Bxe6 Bxg2 55. Bxf5 h3 56. Bxh3 Bxh3 57. Ka3 Be6 58. b5+
1/2-1/2

[Event "28. Torneo San Viator 2017"]
[Site "Madrid ESP"]
[Date "2017.05.14"]
[Round "6.10"]
[White "Cano Mercado, Francisco Manuel"]
[Black "Sainz Pino, Fernando"]
[Result "1/2-1/2"]
[WhiteElo "1799"]
[BlackElo "1895"]
[PlyCount "59"]
[EventDate "2017.03.26"]
[EventType "swiss"]
[EventRounds "9"]
[EventCountry "ESP"]
[SourceTitle "Ajedrez en Madrid"]
[Source "lmi"]
[SourceDate "2017.03.26"]

1. d4 Nf6 2. Bf4 d5 3. e3 Bf5 4. Nd2 h6 5. Ngf3 e6 6. h3 Bd6 7. Bxd6 Qxd6 8. c3
Nbd7 9. Be2 O-O 10. O-O c5 11. Re1 c4 12. Nf1 Ne4 13. N3d2 Ndf6 14. Nxe4 Nxe4
15. Bf3 b5 16. a3 a5 17. Nd2 Nxd2 18. Qxd2 Rfb8 19. e4 dxe4 20. Bxe4 Bxe4 21.
Rxe4 b4 22. Qe2 bxc3 23. bxc3 Rc8 24. Re5 Qb6 25. a4 Qb3 26. Qf3 Qc2 27. Rc5
Qd3 28. Rxc8+ Rxc8 29. Qb7 Rf8 30. Qb2 1/2-1/2

[Event "28. Torneo San Viator 2017"]
[Site "Madrid ESP"]
[Date "2017.05.14"]
[Round "6.12"]
[White "Lobato Rivero, Carlos"]
[Black "Sotoca Aguado, Jose"]
[Result "1-0"]
[WhiteElo "1969"]
[BlackElo "1860"]
[PlyCount "97"]
[EventDate "2017.03.26"]
[EventType "swiss"]
[EventRounds "9"]
[EventCountry "ESP"]
[SourceTitle "Ajedrez en Madrid"]
[Source "lmi"]
[SourceDate "2017.03.26"]

1. e4 Nf6 2. e5 Nd5 3. d4 d6 4. c4 Nb6 5. f4 dxe5 6. fxe5 Nc6 7. Be3 Bf5 8. Nc3
e6 9. Be2 Be7 10. Nf3 O-O 11. O-O f6 12. exf6 Bxf6 13. Qd2 Qe7 14. Rad1 Rad8
15. Qc1 Bg4 16. Ne4 e5 17. dxe5 Nxe5 18. Bc5 Qe6 19. Bxf8 Rxf8 20. c5 Bxf3 21.
Nxf6+ gxf6 22. Bxf3 Nxf3+ 23. Rxf3 Nc4 24. Qh6 Qe7 25. b4 Ne5 26. Rg3+ Kh8 27.
Re3 Qf7 28. Re4 Rg8 29. Rf1 Rg6 30. Qd2 Qe7 31. Rd4 Rg8 32. Kh1 Qg7 33. Rd8 Qe7
34. Rd1 Qf7 35. Rxg8+ Kxg8 36. Qd5 c6 37. Qxf7+ Kxf7 38. Rd8 b6 39. Ra8 bxc5
40. Rxa7+ Ke6 41. bxc5 Kd5 42. Rxh7 Kxc5 43. h4 Kd4 44. Rc7 c5 45. a4 c4 46. a5
c3 47. Rxc3 Kxc3 48. a6 Nc6 49. h5 1-0

[Event "28. Torneo San Viator 2017"]
[Site "Madrid ESP"]
[Date "2017.05.14"]
[Round "6.13"]
[White "Padin Lazaro, Jose Manuel"]
[Black "Linares Leyva, David"]
[Result "1-0"]
[WhiteElo "1914"]
[BlackElo "1810"]
[PlyCount "53"]
[EventDate "2017.03.26"]
[EventType "swiss"]
[EventRounds "9"]
[EventCountry "ESP"]
[SourceTitle "Ajedrez en Madrid"]
[Source "lmi"]
[SourceDate "2017.03.26"]

1. e4 e6 2. d4 d5 3. Nc3 Nc6 4. Nf3 Nf6 5. Bd3 Nb4 6. Bg5 Nxd3+ 7. cxd3 Be7 8.
e5 Nd7 9. Bxe7 Qxe7 10. O-O c6 11. Rc1 O-O 12. Ne2 f6 13. Qd2 fxe5 14. dxe5
Rxf3 15. gxf3 Nxe5 16. Qe3 Qf6 17. f4 Ng6 18. d4 Bd7 19. Qg3 Rf8 20. f5 Qxf5
21. Rc3 e5 22. Re3 Nf4 23. dxe5 Nh3+ 24. Kg2 Ng5 25. Nd4 Qh3+ 26. Qxh3 Bxh3+
27. Rxh3 1-0

[Event "28. Torneo San Viator 2017"]
[Site "Madrid ESP"]
[Date "2017.05.14"]
[Round "6.14"]
[White "Gonzalez-Ruano Perez, Cesar"]
[Black "Lopez Guitian, Juan J"]
[Result "1-0"]
[WhiteElo "1882"]
[BlackElo "1589"]
[PlyCount "61"]
[EventDate "2017.03.26"]
[EventType "swiss"]
[EventRounds "9"]
[EventCountry "ESP"]
[SourceTitle "Ajedrez en Madrid"]
[Source "lmi"]
[SourceDate "2017.03.26"]

1. e4 e5 2. Nf3 Nc6 3. d4 exd4 4. Nxd4 Nf6 5. Nc3 Bb4 6. Bg5 h6 7. Nxc6 bxc6 8.
Bd2 O-O 9. Bd3 Re8 10. f3 d5 11. O-O Bxc3 12. Bxc3 d4 13. Bd2 a5 14. a4 Be6 15.
b3 Qd6 16. Qe1 Qc5 17. Qh4 Qh5 18. Qf2 Red8 19. Rae1 Nd7 20. Qxd4 Ne5 21. Qc3
Nxd3 22. cxd3 Ra6 23. Be3 Qg6 24. Rf2 Rb8 25. Rb1 Bd7 26. Bc5 Kh7 27. f4 f5 28.
Re1 Be6 29. exf5 Bxf5 30. Rf3 Re8 31. Rg3 1-0

[Event "28. Torneo San Viator 2017"]
[Site "Madrid ESP"]
[Date "2017.05.14"]
[Round "6.15"]
[White "Del Noval Nemeshazi, Nesztor"]
[Black "Martin Lozano, Miguel Angel"]
[Result "0-1"]
[WhiteElo "1862"]
[BlackElo "1759"]
[PlyCount "166"]
[EventDate "2017.03.26"]
[EventType "swiss"]
[EventRounds "9"]
[EventCountry "ESP"]
[SourceTitle "Ajedrez en Madrid"]
[Source "lmi"]
[SourceDate "2017.03.26"]

1. e4 e6 2. d4 d5 3. Nc3 dxe4 4. Nxe4 Bd7 5. Nf3 Bc6 6. Bd3 Nd7 7. Bg5 Ngf6 8.
Qe2 Be7 9. Bxf6 Bxf6 10. Nxf6+ Qxf6 11. O-O-O O-O-O 12. Bb5 Bxf3 13. gxf3 Nb6
14. a4 c6 15. a5 cxb5 16. axb6 a6 17. c4 bxc4 18. Qxc4+ Kb8 19. Kb1 Qf5+ 20.
Rd3 Rc8 21. Qb3 Rhd8 22. Rc1 Rxc1+ 23. Kxc1 Rc8+ 24. Rc3 Rc6 25. Qb4 Qg5+ 26.
Kd1 Qd8 27. Rxc6 bxc6 28. b7 e5 29. Ke2 exd4 30. Kd3 g6 31. f4 Qd7 32. Qb6 Qf5+
33. Kxd4 Qxf4+ 34. Kd3 Qf5+ 35. Ke3 Qe5+ 36. Kf3 Qc7 37. Qb4 c5 38. Qd2 Qxb7+
39. Kg3 Qc7+ 40. f4 g5 41. Kg2 Qxf4 42. Qd8+ Kb7 43. Qe7+ Kb6 44. Qe6+ Kb5 45.
Qb3+ Qb4 46. Qd3+ Qc4 47. Qd7+ Kb4 48. Qb7+ Ka4 49. b3+ Qxb3 50. Qxa6+ Kb4 51.
Qb6+ Kc4 52. Qe6+ Kb4 53. Qb6+ Ka3 54. Qxc5+ Ka2 55. Qa7+ Kb2 56. Qd4+ Qc3 57.
Qb6+ Kc2 58. Qb7 Qd2+ 59. Kg1 Qe3+ 60. Kg2 Qe2+ 61. Kg1 Qg4+ 62. Kf2 Qf4+ 63.
Kg2 h5 64. Qc6+ Kd3 65. Qd5+ Qd4 66. Qb3+ Ke4 67. Qe6+ Kf4 68. Qc8 Qe4+ 69. Kf2
Qf3+ 70. Kg1 Qg4+ 71. Qxg4+ Kxg4 72. Kg2 Kf4 73. Kf2 Ke4 74. Ke2 g4 75. Kf2 h4
76. Kg2 Ke3 77. Kg1 Ke2 78. Kg2 f5 79. h3 gxh3+ 80. Kh1 f4 81. Kh2 f3 82. Kg1
f2+ 83. Kh2 Kf3 0-1

[Event "28. Torneo San Viator 2017"]
[Site "Madrid ESP"]
[Date "2017.05.14"]
[Round "6.17"]
[White "Cujba, Anca-Claudia"]
[Black "Criado Jimenez, Jose"]
[Result "1-0"]
[WhiteElo "1760"]
[BlackElo "1678"]
[PlyCount "55"]
[EventDate "2017.03.26"]
[EventType "swiss"]
[EventRounds "9"]
[EventCountry "ESP"]
[SourceTitle "Ajedrez en Madrid"]
[Source "lmi"]
[SourceDate "2017.03.26"]

1. e4 c6 2. c4 g6 3. d4 Bg7 4. Nf3 d6 5. Nc3 Bg4 6. Be2 Nf6 7. Be3 O-O 8. Qd2
Nbd7 9. Bh6 Qa5 10. Bxg7 Kxg7 11. O-O e6 12. h3 Bxf3 13. Bxf3 Rad8 14. Rad1 h6
15. b3 Nh7 16. Qb2 Kg8 17. Rfe1 Ng5 18. Be2 Nf6 19. Bd3 Nh5 20. b4 Qc7 21. Qc1
Qe7 22. e5 dxe5 23. Rxe5 Rxd4 24. Ne2 Rd7 25. h4 Qf6 26. Ra5 Nh7 27. Qxh6 b6
28. Rxh5 1-0

[Event "28. Torneo San Viator 2017"]
[Site "Madrid ESP"]
[Date "2017.05.14"]
[Round "6.18"]
[White "Sanchez Hernandez, Guillermo"]
[Black "Iriarte Diez, Enrique"]
[Result "1/2-1/2"]
[WhiteElo "1768"]
[BlackElo "1592"]
[PlyCount "90"]
[EventDate "2017.03.26"]
[EventType "swiss"]
[EventRounds "9"]
[EventCountry "ESP"]
[SourceTitle "Ajedrez en Madrid"]
[Source "lmi"]
[SourceDate "2017.03.26"]

1. e4 c6 2. d4 d5 3. exd5 cxd5 4. c4 Nf6 5. Nc3 e6 6. Nf3 Nc6 7. Bg5 Be7 8. Be2
O-O 9. O-O b6 10. Rc1 dxc4 11. Bxc4 Na5 12. Bd3 Bb7 13. Bb1 h6 14. Be3 Nc4 15.
Qe2 Rc8 16. Ne5 Nd6 17. Rfd1 Rc7 18. Qd3 Nf5 19. g4 Rxc3 20. bxc3 Qd5 21. f3
Nh4 22. Bf2 Nxf3+ 23. Nxf3 Qxf3 24. Qxf3 Bxf3 25. Re1 Bxg4 26. c4 Bb4 27. Re5
Bd6 28. Rb5 Rc8 29. Bd3 Bf3 30. Rb3 Be4 31. c5 Bxd3 32. Rxd3 Bf4 33. Rb1 bxc5
34. dxc5 Rc7 35. Rb8+ Kh7 36. Ra8 Ng4 37. Bg3 e5 38. h3 Nf6 39. Bxf4 exf4 40.
c6 Rxc6 41. Rxa7 Rc1+ 42. Kf2 Kg6 43. a4 Ne4+ 44. Kf3 Nc5 45. Rd6+ Kh7 1/2-1/2

[Event "28. Torneo San Viator 2017"]
[Site "Madrid ESP"]
[Date "2017.05.14"]
[Round "6.20"]
[White "Lizon Martinez, Santiago"]
[Black "Estevez Sacristan, Deva"]
[Result "1-0"]
[WhiteElo "1750"]
[BlackElo "1813"]
[PlyCount "101"]
[EventDate "2017.03.26"]
[EventType "swiss"]
[EventRounds "9"]
[EventCountry "ESP"]
[SourceTitle "Ajedrez en Madrid"]
[Source "lmi"]
[SourceDate "2017.03.26"]

1. e4 e6 2. d4 d5 3. Nd2 Nf6 4. e5 Ne4 5. Nxe4 dxe4 6. Be3 c5 7. Bb5+ Bd7 8.
Bxd7+ Nxd7 9. c3 Qc7 10. Qa4 Qb6 11. Qb3 Qc6 12. Ne2 Be7 13. O-O O-O 14. Ng3
Qd5 15. Qxd5 exd5 16. Nf5 Bd8 17. f3 exf3 18. Rxf3 cxd4 19. cxd4 Rc8 20. Raf1
Rc7 21. Rg3 g6 22. Bh6 Nb6 23. Bxf8 Kxf8 24. Nd6 Nc4 25. Nxc4 Rxc4 26. Rgf3 Rc7
27. Rb3 Kg7 28. Rc3 Rd7 29. Kf2 Bb6 30. Ke3 Re7 31. Kd3 Re6 32. Rc2 Rc6 33.
Rxc6 bxc6 34. Rc1 f6 35. exf6+ Kxf6 36. Rxc6+ Ke7 37. a4 Kd7 38. Rf6 Ke7 39.
Rc6 Kd7 40. Rc2 Ke7 41. b4 Kd6 42. a5 Bd8 43. Rc8 Bc7 44. Ra8 Kc6 45. Rxa7 Bxh2
46. Rxh7 Bd6 47. Kc3 Kb5 48. Rb7+ Kc6 49. Rb6+ Kc7 50. Rxd6 Kxd6 51. b5 1-0

[Event "28. Torneo San Viator 2017"]
[Site "Madrid ESP"]
[Date "2017.05.14"]
[Round "6.21"]
[White "Tudela Garcia, Antonio"]
[Black "Brana Pastor, Carlos"]
[Result "1/2-1/2"]
[WhiteElo "1602"]
[BlackElo "1835"]
[PlyCount "53"]
[EventDate "2017.03.26"]
[EventType "swiss"]
[EventRounds "9"]
[EventCountry "ESP"]
[SourceTitle "Ajedrez en Madrid"]
[Source "lmi"]
[SourceDate "2017.03.26"]

1. e4 e6 2. Qe2 Be7 3. Nf3 d5 4. d3 Nf6 5. g3 c5 6. Bg2 O-O 7. e5 Nfd7 8. O-O
Nc6 9. h4 b5 10. c3 Qb6 11. Bf4 Ba6 12. Nbd2 Rae8 13. Bh3 b4 14. c4 dxc4 15.
dxc4 Qc7 16. Rfe1 Rd8 17. b3 Bb7 18. Qd3 Nd4 19. Nxd4 cxd4 20. Qe2 Nc5 21. Qg4
Kh8 22. Bf1 Qc6 23. Qh3 a5 24. Bg2 Qxg2+ 25. Qxg2 Bxg2 26. Kxg2 Nd3 27. Re4
1/2-1/2

[Event "28. Torneo San Viator 2017"]
[Site "Madrid ESP"]
[Date "2017.05.21"]
[Round "7.5"]
[White "Lopez Nunez, Roberto"]
[Black "Cervino Rossel, Cristobal"]
[Result "1-0"]
[WhiteElo "1877"]
[BlackElo "2045"]
[PlyCount "67"]
[EventDate "2017.03.26"]
[EventType "swiss"]
[EventRounds "9"]
[EventCountry "ESP"]
[SourceTitle "Ajedrez en Madrid"]
[Source "lmi"]
[SourceDate "2017.03.26"]

1. Nf3 d5 2. c4 d4 3. e3 c5 4. b4 dxe3 5. fxe3 cxb4 6. Be2 Nf6 7. O-O Bg4 8. a3
bxa3 9. Bxa3 g6 10. Nc3 Bg7 11. Qb3 b6 12. h3 Bd7 13. Ne5 Nc6 14. Nxd7 Nxd7 15.
Bf3 Na5 16. Qb5 a6 17. Qg5 Rc8 18. Bd5 Nf6 19. Qf4 O-O 20. Rab1 Nh5 21. Qf3
Nxc4 22. Bxc4 Rxc4 23. Nd5 Rc5 24. Bxc5 bxc5 25. Rb7 e6 26. Nc3 Nf6 27. Ne4
Nxe4 28. Qxe4 Qxd2 29. Qf4 e5 30. Qf3 Qa2 31. Qc6 c4 32. Qd5 Bh6 33. Rbxf7
Bxe3+ 34. Kh1 1-0

[Event "28. Torneo San Viator 2017"]
[Site "Madrid ESP"]
[Date "2017.05.21"]
[Round "7.6"]
[White "Julian Serra, Rogelio"]
[Black "Correas Gonzalez, Jose Ramon"]
[Result "1/2-1/2"]
[WhiteElo "2002"]
[BlackElo "2080"]
[PlyCount "56"]
[EventDate "2017.03.26"]
[EventType "swiss"]
[EventRounds "9"]
[EventCountry "ESP"]
[SourceTitle "Ajedrez en Madrid"]
[Source "lmi"]
[SourceDate "2017.03.26"]

1. c4 b6 2. g3 Bb7 3. Nf3 Bxf3 4. exf3 g6 5. d4 Bg7 6. Nc3 e6 7. Bg2 Ne7 8. Bg5
f6 9. Bf4 O-O 10. O-O d6 11. Qb3 Kh8 12. Rfe1 Nbc6 13. Rad1 Nf5 14. Be3 e5 15.
Ne2 Ncxd4 16. Bxd4 Nxd4 17. Nxd4 exd4 18. Rxd4 f5 19. Rd2 f4 20. Qb5 Rf5 21.
Rd5 Re5 22. Rdxe5 Bxe5 23. Qd5 Qg8 24. gxf4 Qxd5 25. cxd5 Bxb2 26. f5 gxf5 27.
Re7 Rg8 28. Rxc7 Rg7 1/2-1/2

[Event "28. Torneo San Viator 2017"]
[Site "Madrid ESP"]
[Date "2017.05.21"]
[Round "7.7"]
[White "Sainz Pino, Fernando"]
[Black "Rottenwohrer Suarez, Juan"]
[Result "0-1"]
[WhiteElo "1895"]
[BlackElo "2129"]
[PlyCount "150"]
[EventDate "2017.03.26"]
[EventType "swiss"]
[EventRounds "9"]
[EventCountry "ESP"]
[SourceTitle "Ajedrez en Madrid"]
[Source "lmi"]
[SourceDate "2017.03.26"]

1. e4 c5 2. Nf3 g6 3. d4 cxd4 4. Nxd4 Nc6 5. Nc3 Bg7 6. Be3 Nf6 7. Bc4 O-O 8.
Bb3 a5 9. f3 d5 10. Nxc6 bxc6 11. exd5 Nxd5 12. Nxd5 cxd5 13. Qxd5 Qxd5 14.
Bxd5 Rb8 15. Rd1 Bxb2 16. Bh6 Bg7 17. Bxg7 Kxg7 18. Bb3 Bf5 19. Rd5 a4 20. Bxa4
Be6 21. Rd4 Rb1+ 22. Rd1 Rb2 23. Kd2 Rc8 24. Ra1 Rc7 25. a3 Ra7 26. Bc6 Rb6 27.
Be4 Rba6 28. Rhc1 Rxa3 29. Rxa3 Rxa3 30. Bd3 Kf6 31. f4 Bf5 32. Bxf5 Kxf5 33.
Re1 e6 34. g3 h5 35. Re2 h4 36. gxh4 Rh3 37. c4 Rxh4 38. Kd3 Rh8 39. c5 Kxf4
40. Rf2+ Ke5 41. Rxf7 Kd5 42. c6 Rh3+ 43. Ke2 Rxh2+ 44. Kf3 Kxc6 45. Rf6 Kd5
46. Rxg6 e5 47. Rg4 Ra2 48. Ke3 Rb2 49. Ra4 Rb3+ 50. Ke2 Ke6 51. Re4 Kf5 52.
Rc4 Rb2+ 53. Ke3 Rb1 54. Ra4 Re1+ 55. Kf2 Re4 56. Ra3 Rb4 57. Ke3 Rh4 58. Kf2
Kf4 59. Rf3+ Ke4 60. Re3+ Kd4 61. Ra3 Rh2+ 62. Ke1 Ke4 63. Ra4+ Kf3 64. Ra3+
Kf4 65. Ra4+ e4 66. Ra8 Kf3 67. Rf8+ Ke3 68. Kf1 Rh1+ 69. Kg2 Re1 70. Rd8 Ke2
71. Re8 e3 72. Rb8 Rd1 73. Re8 Kd2 74. Rd8+ Ke1 75. Re8 e2 0-1

[Event "28. Torneo San Viator 2017"]
[Site "Madrid ESP"]
[Date "2017.05.21"]
[Round "7.8"]
[White "Martin Sanchez, Francisco"]
[Black "Barahona Torrijos, Angel"]
[Result "0-1"]
[WhiteElo "1994"]
[BlackElo "1880"]
[PlyCount "72"]
[EventDate "2017.03.26"]
[EventType "swiss"]
[EventRounds "9"]
[EventCountry "ESP"]
[SourceTitle "Ajedrez en Madrid"]
[Source "lmi"]
[SourceDate "2017.03.26"]

1. d4 Nf6 2. Bf4 d6 3. e3 Nbd7 4. Nf3 Nh5 5. Bg5 h6 6. Bh4 g5 7. Nfd2 Nhf6 8.
Bg3 Bg7 9. Be2 c5 10. c3 Qb6 11. Qb3 Qxb3 12. axb3 cxd4 13. exd4 a6 14. h3 O-O
15. O-O b5 16. Bxb5 Rb8 17. Bc6 Rb6 18. Ba4 Nd5 19. Nc4 Rb8 20. Nxd6 exd6 21.
Bxd6 Rb6 22. Bxf8 Nxf8 23. Nd2 Nf4 24. b4 Bb7 25. f3 h5 26. Bc2 g4 27. hxg4
hxg4 28. Be4 g3 29. Rfe1 Bxe4 30. Nxe4 Rg6 31. Ra5 N8e6 32. d5 Nxg2 33. dxe6
Nxe1 34. exf7+ Kxf7 35. Nxg3 Nd3 36. Rd5 Rxg3+ 0-1

[Event "28. Torneo San Viator 2017"]
[Site "Madrid ESP"]
[Date "2017.05.21"]
[Round "7.9"]
[White "Munoz Cebey, Ricardo"]
[Black "Lobato Rivero, Carlos"]
[Result "1/2-1/2"]
[WhiteElo "1797"]
[BlackElo "1969"]
[PlyCount "66"]
[EventDate "2017.03.26"]
[EventType "swiss"]
[EventRounds "9"]
[EventCountry "ESP"]
[SourceTitle "Ajedrez en Madrid"]
[Source "lmi"]
[SourceDate "2017.03.26"]

1. c4 e5 2. g3 Nc6 3. Bg2 f5 4. Nc3 Nf6 5. a3 a5 6. e3 g6 7. Nge2 Bg7 8. d3 O-O
9. O-O d6 10. Rb1 Kh8 11. b4 axb4 12. axb4 Ne7 13. d4 c6 14. b5 e4 15. d5 c5
16. Bb2 g5 17. Ra1 Rxa1 18. Qxa1 Ng6 19. Na4 Bd7 20. g4 Qe7 21. gxf5 Bxf5 22.
Ng3 Nh4 23. Nxf5 Nxf5 24. Qb1 Re8 25. Nc3 Nh4 26. Qd1 g4 27. Ne2 Qf7 28. Nf4
Nf3+ 29. Kh1 Nh5 30. Bxg7+ Nxg7 31. Qc1 Nd2 32. Rg1 Nxc4 33. Ne6 Ne5 1/2-1/2

[Event "28. Torneo San Viator 2017"]
[Site "Madrid ESP"]
[Date "2017.05.21"]
[Round "7.10"]
[White "Castro Morell, Daniel Eduardo"]
[Black "Rosa Ramirez, Victor D"]
[Result "0-1"]
[WhiteElo "1885"]
[BlackElo "1945"]
[PlyCount "94"]
[EventDate "2017.03.26"]
[EventType "swiss"]
[EventRounds "9"]
[EventCountry "ESP"]
[SourceTitle "Ajedrez en Madrid"]
[Source "lmi"]
[SourceDate "2017.03.26"]

1. e4 e6 2. Nf3 d5 3. exd5 exd5 4. d4 Bd6 5. Bd3 Bg4 6. h3 Bh5 7. O-O Ne7 8.
Bg5 f6 9. Bh4 Nbc6 10. c3 Qd7 11. Bg3 O-O-O 12. b4 g5 13. Be2 Bg6 14. Bxd6 Qxd6
15. Ne1 h5 16. a4 Nf5 17. b5 Nce7 18. b6 cxb6 19. a5 b5 20. Bxb5 g4 21. a6 b6
22. Bd3 gxh3 23. Na3 hxg2 24. Nxg2 Be8 25. Qf3 Bd7 26. Nb5 Bxb5 27. Bxf5+ Nxf5
28. Qxf5+ Bd7 29. Qf4 Qxf4 30. Nxf4 Rhg8+ 31. Kh2 Rg4 32. Nxd5 Rh4+ 33. Kg3
Rh3+ 34. Kf4 Bb5 35. c4 Bxc4 36. Nxb6+ axb6 37. a7 Kd7 38. Rg1 Bd5 39. Rg7+ Ke6
40. Rg3 Rxg3 41. fxg3 Ba8 42. Ke3 Rd7 43. Ra6 Rb7 44. Kd3 Kd5 45. Ra4 Rg7 46.
Ra6 Rxg3+ 47. Kd2 Rb3 0-1